01040nam a2200289Ia 450000500170000000800270001702000180004424501170006225000170017930000260019649000770022250000460029965000430034565000180038865000260040665000330043265000290046570000450049494200150053926400470055433600270060133700330062833800280066104000350068908400110072499900150073520220317000325.0141031s9999 ck 000 0 spa d a978958837588510aEllas cuentan menosbpanorama del minicuento colombiano escrito por mujeres ccompilado por Leidy Bibiana Bernal a1a edición a112 páginasc22 cm. aColección voces del fuegovTestigos del Bicentenario. Cuento volumen 9 aIncluye datos del compilador en la solapa142LEMBaCuentos colombianosvColecciones142LEMBaAutoras142LEMBaVerdadvCuentos142LEMBaSacrificiosvPoesías142LEMBaRatonesvPoesías1 aBernal, Leidy Bibianaecompilador918848 2loccBKLIT aCartagena de IndiasbPluma de Mompoxc2011 atextobtxt2rdacontent asin mediaciónbn2rdamedia avolumenbnc2rdacarrier aCO-BoRNBPbspaerdacCO-BoRNBP aC ELL2 c3725d3725